Arbitration : (Record no. 664)

MARC details
000 -LEADER
fixed length control field 00543nam a22001457a 4500
008 - FIXED-LENGTH DATA ELEMENTS--GENERAL INFORMATION
fixed length control field 110427t xxu||||| |||| 00| 0 eng d
020 ## - INTERNATIONAL STANDARD BOOK NUMBER
International Standard Book Number 0566024233
082 ## - DEWEY DECIMAL CLASSIFICATION NUMBER
Classification number 347.09 GIN
100 ## - MAIN ENTRY--PERSONAL NAME
Personal name Ginnings, Arthur T.
9 (RLIN) 1926
245 ## - TITLE STATEMENT
Title Arbitration :
Remainder of title A Practical Guide.
Statement of responsibility, etc Arthur T. Ginnings /
260 ## - PUBLICATION, DISTRIBUTION, ETC. (IMPRINT)
Place of publication, distribution, etc London :
Name of publisher, distributor, etc Gower Publishing Company Limited.
Date of publication, distribution, etc 1984.
300 ## - PHYSICAL DESCRIPTION
Extent xiii, 191p.;
Dimensions 24 cm.
942 ## - ADDED ENTRY ELEMENTS (KOHA)
Source of classification or shelving scheme Dewey Decimal Classification
Item type Books
Holdings
Withdrawn status Lost status Source of classification or shelving scheme Damaged status Not for loan Home library Current library Shelving location Date acquired Total Checkouts Full call number Barcode Date last seen Price effective from Koha item type
    Dewey Decimal Classification     Law Development Centre Main Library Law Development Centre Main Library Text Books and Laws 04/27/2011   347.09 GIN 2011/2446 04/27/2011 04/27/2011 Books